000 00730nam a22001937a 4500
005 20240923110217.0
010 _aHIN-128445
020 _a9789390594061
_c250.00
035 _aHN-100791
037 _bDBAD
082 _a
100 _aप्रेमचंद
_971827
245 _aगोदान/
_cप्रेमचंद
260 _aदिल्ली
_bEmpty Canvas Publishers
_c2021
270 _a4435-36/7 प्रथम तल, अंसारी रोड दरियागंज
_bदिल्ली
_e110002
_mcontact@emptycanvaspublishers.com
300 _a396 पृ.
_c22 सेमी (अजिल्द)
650 _aहिन्दी
_971828
942 _aDPL
_cHN
_2ddc
_h
_mप्रेमचं
999 _c205848
_d205848